Pokémon - Les attaques de Opermine - Statistiques

Statistiques générales
  • Ce quiz a été pris 9 fois
  • Le résultat moyen est 12 sur 13
Statistiques - réponses
Niveaux Types Noms des attaques % Correct
Niveau 32 Ténèbres Aiguisage
100%
Niveau 36 Eau Coqui-Lame
100%
Départ Sol Coud'Boue
100%
Départ Normal Griffe
100%
Niveau 8 Eau Pistolet à O
100%
Niveau 24 Roche Poliroche
100%
Niveau 4 Eau Repli
100%
Niveau 28 Normal Tranche
100%
Niveau 16 Normal Combo-Griffe
80%
Niveau 44 Combat Coup Croix
80%
Niveau 20 Roche Pouvoir Antique
80%
Niveau 12 Insecte Taillade
80%
Niveau 40 Normal Exuviation
40%
Aucun quiz correspondant
Distribution des résultats
% des personnes avec chaque résultat
Percentile par nombre de réponses
Votre historique - résultats
Vous n’avez pas pris ce quiz